Феникс (Запис номер 162411)
[ съкратено ]
| 000 -Лидер | |
|---|---|
| Контролно поле с фиксирана дължина | 01230nam a2200349 c 4500 |
| 003 - Код на организацията, давaща контролен номер | |
| Контролно поле | BLK |
| 005 - Дата и час на последна редакция | |
| Контролно поле | 20240129131801.0 |
| 008 - Елементи от данни с фиксирана дължина | |
| fixed length control field | 180410b bul|||||r ||||||| ||bul|| |
| 010 ## - Наследен системен номер | |
| LC control number | KNG00169788000 |
| 020 ## - Международен стандартен номер на книга ISBN | |
| Международен стандартен номер на книга ISBN | 9789542710264 |
| 040 ## - Източник на каталожния запис | |
| Идентификатор на билиотеката - собственик на записа | BLK |
| 041 ## - Код за език | |
| Код за езика на текст/звукозапис или на отделно заглавие | Български |
| Код за езика КДБФ | Български |
| 072 #7 - Код за тематичната категория | |
| Код организация | bullib |
| Код за тематична категория | Н83 |
| Текст | Чужда художествена литература Н |
| 080 ## - УДК | |
| Текстов определител УДК | Английска литература |
| УДК код - определител по УДК | 821.111 |
| УДК определител | -312.9 |
| УДК - код + определител | 821.111-312.9 |
| 100 1# - Редна дума - Автор | |
| Автор | Стърлинг, Джос |
| Авторска отговорност | първи автор |
| R(LIN) | 335624 |
| 139 ## - Редно поле | |
| Редна дума | Стърлинг, Джос |
| Авторски знак | Сту - С 88 |
| 245 10 - Сведения за заглавието | |
| Заглавие | Феникс |
| Редно поле (дума) | Джос Стърлинг; прев. Юлия Недкова Чернева. |
| 257 ## - Страна на издаване | |
| Страна на създаване/издаване | Великобритания |
| 260 ## - Област на издателските данни | |
| Място на издаване, разпространение и проч. | София |
| Име на издателя, разпространителя и проч. | Егмонт България |
| Година на издаване | 2013 |
| Печатница | София : Инвестпрес |
| 300 ## - Физическа характеристика | |
| Страници | 303 с. |
| Размери/Мащаб | 20 см |
| 380 ## - Жанр | |
| Жанр | Худож. лит. |
| 500 ## - Общи забележки | |
| Забележка | Ориг. загл.: Stealing Phoenix / Joss Stirling |
| 700 ## - Други автори (авторска отговорност) | |
| Лично име | Чернева, Юлия Недкова |
| Дати, свързани с автора | 1955- |
| 9 (RLIN) | 365526 |
| 852 ## - Местоположение | |
| Форматна сигнатура | Цб 272277 |
| 856 4# - Електронен адрес и достъп | |
| Електронен формат | pdf - файл |
| 856 4# - Електронен адрес и достъп | |
| Електронен формат | pdf - файл |
| 999 ## - СИСТЕМНИ КОНТРОЛНИ НОМЕРА | |
| Koha biblionumber | 162411 |
| Koha biblioitemnumber | 162411 |
| 942 ## - АРТИКУЛИ | |
| Вид на библиотечния материал | Книги |
| Скрит в OPAC | Не |
| Koha issues (borrowed), all copies | 21 |
| Периодичен библиозапис | Да |
| 944 ## - СЪЗДАВАНЕ И РЕДАКЦИЯ на ЗАПИСА | |
| Създаване/Редакция | Създаване |
| Дата на регистрацията/редакция | 20.01.2015 |
| Служител, извършил регистрацията/редакцията | 30534 |
| Статус, дата на статуса | Радостина Карадакова |
| 944 ## - СЪЗДАВАНЕ И РЕДАКЦИЯ на ЗАПИСА | |
| Създаване/Редакция | Редакция |
| Дата на регистрацията/редакция | 16.06.2015 |
| Служител, извършил регистрацията/редакцията | Грета_Цуфелде |
| 999 ## - СИСТЕМНИ КОНТРОЛНИ НОМЕРА | |
| Koha biblioitemnumber | 162411 |
| 999 ## - СИСТЕМНИ КОНТРОЛНИ НОМЕРА | |
| Koha biblioitemnumber | 162411 |
| Код за отписване | Код за изгубен артикул | Код за повреда | Коз за рестрикции | Код за отдаване | Артикулен № | Име на библиотеката - собственик | Име на библиотеката, в която се намира в момента | Статус (Текущо местоположение) | Дата на вписване в системата | Местоположение - отдел | Цена в лева | Инвентарен номер | Систематично азбучна сигнатура | Баркод | Номер на екземпляра | Цена в евро | Служебна бележка | Служебен тип на артикула | Източник на класификационната схема |
|---|---|---|---|---|---|---|---|---|---|---|---|---|---|---|---|---|---|---|---|
| Не е изгубен | Не е повреден | без рестрикции | ползва се в читалня | 271165 | Регионална библиотека "Любен Каравелов" Русе | Регионална библиотека "Любен Каравелов" Русе | Хранилище | 2015-01-23 | Хранилище | 15.00 | 120000784446 | Цб 272277 | 120000784446 | 1 | 7.67 | Дост: Dp Вид: Д N: 18 Дата: 07.04.2014 | Книги | ||
| Не е изгубен | Не е повреден | без рестрикции | заемане за дома | 679742 | Регионална библиотека "Любен Каравелов" Русе | Регионална библиотека "Любен Каравелов" Русе | Заемна - подръчен фонд | 2018-08-29 | Заемна - подръчен фонд | 10.32 | 120000823044 | П 820-31/С 88 | 120000823044 | 5.28 | Книги | Universal Decimal Classification | |||
| Не е изгубен | Не е повреден | без рестрикции | заемане за дома | 800962 | Регионална библиотека "Любен Каравелов" Русе | Регионална библиотека "Любен Каравелов" Русе | Заемна - подръчен фонд | 2020-09-26 | Заемна - подръчен фонд | 9.41 | 821-31/С 88 Д | 120000848076 | 4.81 | Книги | Universal Decimal Classification |